Distribution par images - Les Demoiselles de Rochefort - Statistiques

Statistiques générales
  • Ce quiz a été pris 48 fois
  • Le résultat moyen est 5 sur 9
Statistiques - réponses
Par images Hint Réponse % Correct
Delphine Garnier Catherine Deneuve
100%
Solange Garnier Françoise Dorléac
78%
Andy Miller Gene Kelly
71%
Maxence Jacques Perrin
68%
Simon Dame Michel Piccoli
66%
Yvonne Garnier Danielle Darrieux
56%
Josette Geneviève Thénier
10%
Subtil Dutrouz Henri Crémieux
10%
Guillaume Lancien Jacques Riberolles
10%
Aucun quiz correspondant
Distribution des résultats
% des personnes avec chaque résultat
Percentile par nombre de réponses
Votre historique - résultats
Vous n’avez pas pris ce quiz